EG data (Record no. 77119)

MARC details
000 -LEADER
fixed length control field 01125cab a2200205 4500
001 - CONTROL NUMBER
control field ##L133630
008 - FIXED-LENGTH DATA ELEMENTS--GENERAL INFORMATION
fixed length control field 060525n2006 000 0 eng u
035 ## - SYSTEM CONTROL NUMBER
System control number (Sirsi) u133630
041 0# - LANGUAGE CODE
Language code of text/sound track or separate title eng
110 2# - MAIN ENTRY--CORPORATE NAME
Corporate name or jurisdiction name as entry element Investment Property Forum
9 (RLIN) 2112
245 00 - TITLE STATEMENT
Title EG data
Remainder of title IPF forecast survey: April
260 ## - PUBLICATION, DISTRIBUTION, ETC.
Date of publication, distribution, etc. 2006
490 #0 - SERIES STATEMENT
Series statement Estates Gazette
Volume/sequential designation (0620) 20 May 2006, 58-59(2)
520 ## - SUMMARY, ETC.
Summary, etc. Provides total return and sector investment forecasts for 2006-10. Forecasts for the short term continue to rise though remain cautious, with the medium term remaining uncertain with a number of forecasters expecting 2008 to see a fall in rental values. Over the five years 2006-10 the consensus is for a total return forecast of 8% pa, up from 7.7% in January. Comments on the all-property rental value and all-property total return forecasts. Graphs cover rental growth, capital growth and total returns for 2006 and 2007. Tables.
590 ## - LOCAL NOTE (RLIN)
Local note IKA060606
650 24 - SUBJECT ADDED ENTRY--TOPICAL TERM
Topical term or geographic name entry element IPF CONSENSUS FORECAST SURVEY
651 #4 - SUBJECT ADDED ENTRY--GEOGRAPHIC NAME
Geographic name United Kingdom
Chronological subdivision
690 ## - LOCAL SUBJECT ADDED ENTRY--TOPICAL TERM (OCLC, RLIN)
Topical term or geographic name as entry element PROPERTY-COMMERCIAL PROPERTY-COMMERCIAL PROPERTY FINANCE AND INVESTMENT
942 ## - ADDED ENTRY ELEMENTS (KOHA)
Suppress in OPAC 0
Holdings
Withdrawn status Lost status Source of classification or shelving scheme Damaged status Not for loan Home library Current library Shelving location Date acquired Total Checkouts Full call number Barcode Date last seen Copy number Price effective from Koha item type
    Dewey Decimal Classification     London London Journal article 25/05/2006   L133630 133630-1001 06/08/2019 1 06/08/2019 Journal article